Sinopsis: catálogo de artistas participantes

Saved in:
Bibliografiske detaljer
Institution som forfatter: Taller Experimental Cuerpos Pintados (Author)
Format: Bog
Sprog:spansk
Udgivet: Santiago Taller Experimental Cuerpos Pintados 2003
Udgivelse:1a. ed
Serier:Cuerpos Pintados. Sinopsis, B1-B7
Fag:
Tags: Tilføj Tag
Ingen Tags, Vær først til at tagge denne postø!

MARC

LEADER 00000cam a2200000 a 4500
001 UCF2427
003 CL-VaPUC
008 120824e20030000CL |||||||||||||||||spa|d
020 |a 9562950166v.1 
020 |a 9562950212v.2 
020 |a 9562950263v.3 
020 |a 9562950751v.4 
020 |a 9562950808v.5 
020 |a 9562950859v.6 
020 |a 9568371338v.7 
082 0 4 |a 757.22  |b TAL  |2 21 
110 2 |a Taller Experimental Cuerpos Pintados  |e author  |9 564065 
245 1 0 |a Sinopsis: catálogo de artistas participantes 
250 |a 1a. ed 
300 |a v 
942 |c BK 
945 |d 20120824 00:00:00  |a dcastane 
260 |a Santiago  |b Taller Experimental Cuerpos Pintados  |c 2003 
500 |a Fotografías de Roberto Edwards 
500 |a v.1: B1. Sinopsis 1. Ianelli, Arcangelo. Cuevas, José Luis. Astete, Alberto. Aguirre, Marcelo. Pasquier-Desvignes, Bruno. Reyes, Francisca. Amaral, Jim. Noe, Luis Felipe. Martínez, Jorge. Llona, Ramiro. Edwards, Carolina. Ugalde, Gastón. 
500 |a v.2: B2. Sinopsis 2. Opazo, Rodolfo. Duke Lee, Wesley. Berney, Darah. Bernal Ponce, Juan. Costa, Eduardo. Chilindron, Marta. Testa, Clorindo. Larraz, Julio. Iregui, Jaime. Mesa, Guiomar. Banderas, Ernesto. Hernández, Manuel. Stornaiolo, Luigi. Gracia Donoso, María.Hastings, Rafael. 
500 |a v.3: B3. Sinopsis 3. Serra, Gustavo. Leyton, Sebastián. Zapata, Jaime. Laignelet, Víctor. Gross, Sebastián. Messina, Clara. Dammert, Ofelia. Fernández, Lola. Vilches, Eduardo. Díaz, Roosevelt. Polesello, Rogelio. 
500 |a v.4: B4. Sinopsis 4. Lara, Raúl. Zañartu, Enrique. Lealruiz, Juan. pasta, Paulo. Szydlowski, Ian. Barrios, Alvaro. Montaño, Alberto. Marín, Hugo. Salazar, Jorge. Tellez, Eugenio. González, Keiko. 
500 |a v.5: B5. Sinopsis 5. Cárdena, santiago. Prats, Fernando. Alpuy, Julio. Rueda, Ana María. Mendive, Manuel. Duclos, Arturo. Andrea, Pat. Mejía, Radhames. Paz Jaramillo, María de la. Allegretti, Luiz. Rubio, Verónica. Palominos, Claudio 
500 |a v.6: B6. Sinopsis 6. Prior, Alfredo. Gabler, Juan Enrique. Mason, Linda. Salazar, Carlos. Vila, Magdalena. Szyszlo, Fernando de. Becerro, Antonio. Rodríguez, Ofelia. Torres, Helena. Grinspum, Ester. Moroni, Lucretia. Mortarotti, Marcello. Tavárez, Rosa. Williamson, Luz María. Ruiz, Pedro. 
500 |a v.7: B7. Sinopsis 7. Guzmán, Pepe. Ubilla, Paula. Bayle, Angelina. Etchepare, Miguel. Yamanaka, Manabu. Roberts, Edwina. Vázquez, Víctor. Salcedo Mitrani, Lorry. McCarthy, Anamaría. Errázuriz, Paz. Cameron, Loren. Poirot, Luis. Huarcaya, Roberto. Subercaseaux, María Gracia, Martínez, Marisol. Gómez, Pedro Pablo 
650 0 |a Pintura  |9 265046 
650 7 |a DESNUDO EN EL ARTE  |2 CL-VaPUC  |9 444355 
650 0 |a Pintura chilena siglo 20  |9 314453 
583 |a last modification  |c 20120824 12:41:00  |k Rodrigo Vera 
490 0 |a Cuerpos Pintados. Sinopsis, B1-B7 
999 |c 348990  |d 348988 
952 |0 0  |1 0  |4 0  |6 757_220000000000000_TAL_2003  |7 0  |8 F  |9 451357  |a BIBARQ  |b BIBARQ  |d 2019-11-22  |h v.1  |i 4895916  |o 757.22 TAL 2003  |p 4895916  |r 2025-01-20  |w 2019-11-22  |y BK_F  |k ARQ 
952 |0 0  |1 0  |4 0  |6 757_220000000000000_TAL_2003  |7 0  |8 F  |9 451358  |a BIBARQ  |b BIBARQ  |d 2019-11-22  |h v.2  |i 4895924  |o 757.22 TAL 2003  |p 4895924  |r 2025-01-20  |w 2019-11-22  |y BK_F  |k ARQ 
952 |0 0  |1 0  |4 0  |6 757_220000000000000_TAL_2003  |7 0  |8 F  |9 451359  |a BIBARQ  |b BIBARQ  |d 2019-11-22  |h v.3  |i 4895932  |o 757.22 TAL 2003  |p 4895932  |r 2025-01-20  |w 2019-11-22  |y BK_F  |k ARQ 
952 |0 0  |1 0  |4 0  |6 757_220000000000000_TAL_2003  |7 0  |8 F  |9 451360  |a BIBARQ  |b BIBARQ  |d 2019-11-22  |h v.4  |i 4895940  |o 757.22 TAL 2003  |p 4895940  |r 2025-01-20  |w 2019-11-22  |y BK_F  |k ARQ 
952 |0 0  |1 0  |4 0  |6 757_220000000000000_TAL_2003  |7 0  |8 F  |9 451361  |a BIBARQ  |b BIBARQ  |d 2019-11-22  |h v.5  |i 4895959  |o 757.22 TAL 2003  |p 4895959  |r 2025-01-20  |w 2019-11-22  |y BK_F  |k ARQ 
952 |0 0  |1 0  |4 0  |6 757_220000000000000_TAL_2003  |7 0  |8 F  |9 451362  |a BIBARQ  |b BIBARQ  |d 2019-11-22  |h v.6  |i 4895967  |o 757.22 TAL 2003  |p 4895967  |r 2025-01-20  |w 2019-11-22  |y BK_F  |k ARQ 
952 |0 0  |1 0  |4 0  |6 757_220000000000000_TAL_2003  |7 0  |8 F  |9 451363  |a BIBARQ  |b BIBARQ  |d 2019-11-22  |h v.7  |i 4895975  |o 757.22 TAL 2003  |p 4895975  |r 2025-01-20  |w 2019-11-22  |y BK_F  |k ARQ